000
00247 a2200097 4500
001
55689
100
_a
245
_a
Modern engineering graphics and design
260
_a
Delhi
_b
CBS Publishers & Distributors
_c
1989
090
_c
34575
_d
34575
942
_a
NUST-CAE
_c
MONOGRAPH
_c
27308
999
_c
290762
_d
290762